[Event "ACD 2008"]
[Site "http://www.queenalice.com/game.php?id=471083"]
[Date "2008.10.1"]
[Round "-"]
[White "rafa_guerrero"]
[Black "franliro"]
[Result "0-1"]
[WhiteElo "1366"]
[BlackElo "2037"]

1. e3 e5 2. c3 Nf6 3. b4 d5 4. Be2 e4 5. a4 Bd6 6. Na3 O-O 7. Bb2 Nc6 8. d4 Be6
9. Nb5 Be7 10. Qc2 a6 11. Na3 Nd7 12. f3 f5 13. Nh3 Bd6 14. f4 Qh4+ 15. Kd2 h6
16. b5 Na5 17. Qd1 Nb6 18. Qf1 Nxa4 19. g3 Qe7 20. Bc1 Nb6 21. Qd1 Bxa3 22. Bxa3
Nac4+ 23. Bxc4 Nxc4+ 24. Ke2 Nxa3 25. bxa6 Rxa6 26. Qb3 b6 27. Ra2 Rfa8 28. Rha1
Ra5 29. Qd1 Bf7 30. Kf2 Nb5 31. Rxa5 bxa5 32. Qb3 c6 33. Ng1 a4 34. Qb2 a3 35.
Qb3 Ra7 36. Ne2 Bh5 37. Nc1 Rb7 38. Qa4 Nxc3 39. Qa8+ Kh7 40. Qc8 Qd7 41. Qf8
Rb2+ 42. Kg1 a2 43. Qa3 Nd1 44. Rxa2 Rxa2 45. Qxa2 Nxe3 46. Qa3 Nc4 47. Qf8 Qe6
48. Nb3 e3 49. Nc5 Qf7 50. Qc8 e2 51. Nd3 Qe8 52. Kf2 Qxc8 0-1

[Event "ACD 2008"]
[Site "http://www.queenalice.com/game.php?id=471085"]
[Date "2008.10.1"]
[Round "-"]
[White "rafa_guerrero"]
[Black "xiao"]
[Result "0-1"]
[WhiteElo "1252"]
[BlackElo "1983"]

1. e3 e5 2. c4 Nf6 3. Nc3 c6 4. Bd3 d5 5. cxd5 cxd5 6. b3 e4 7. Bc2 Bc5 8. d4
Bb4 9. Bd2 Bg4 10. Qb1 Qc7 11. Qb2 O-O 12. a3 Be7 13. b4 Nbd7 14. h3 Bh5 15. g4
Bg6 16. Bd1 Nb6 17. Be2 Qd7 18. f3 exf3 19. Nxf3 Ne4 20. Ne5 Qe6 21. Nb5 Bd6 22.
Nxg6 fxg6 23. Nxd6 Qxd6 24. Rg1 Qh2 25. Rf1 Rxf1+ 26. Bxf1 Qf2+ 27. Kd1 Qxf1+
28. Kc2 Qe2 29. Rd1 Rc8+ 0-1

[Event "ACD 2008"]
[Site "http://www.queenalice.com/game.php?id=471086"]
[Date "2008.10.1"]
[Round "-"]
[White "rafa_guerrero"]
[Black "madriles"]
[Result "0-1"]
[WhiteElo "1488"]
[BlackElo "1803"]

1. e3 d5 2. d4 Nf6 3. c4 e6 4. Bd2 c5 5. Nf3 Nc6 6. Nc3 cxd4 7. exd4 dxc4 8.
Bxc4 Bb4 9. Be3 O-O 10. O-O Re8 11. Qb3 Rb8 12. Bf4 Bd6 13. Bxd6 Qxd6 14. Rad1
a6 15. a3 b5 16. Be2 Bb7 17. d5 exd5 18. Nd4 Nxd4 19. Rxd4 Qe5 20. Rfd1 Rbc8 21.
g3 Rxc3 22. bxc3 Qxe2 23. a4 Bc6 24. a5 Ne4 25. Rf1 Nd2 26. Rxd2 Qxd2 27. Rd1
Qe2 28. Kg2 d4+ 0-1

[Event "ACD 2008"]
[Site "http://www.queenalice.com/game.php?id=471087"]
[Date "2008.10.1"]
[Round "-"]
[White "rafa_guerrero"]
[Black "pepeillo"]
[Result "1-0"]
[WhiteElo "1391"]
[BlackElo "1725"]

1. e3 e5 2. Nc3 d5 3. d4 e4 4. h3 Bb4 5. Bd2 a6 6. Na4 Bxd2+ 7. Qxd2 Nf6 8.
O-O-O Bd7 9. Nc3 Nc6 10. g3 Qe7 11. Nge2 O-O 12. Nf4 Be6 13. Nxe6 Qxe6 14. h4
Ng4 15. Bh3 Qg6 16. Nxd5 Qd6 17. c4 h5 18. Nf4 Qb4 19. Nxh5 Qxc4+ 20. Kb1 Qd3+
21. Qxd3 exd3 22. Bxg4 Nb4 23. Nf4 c5 24. Nxd3 Nxd3 25. Rxd3 Rad8 26. d5 Rd6 27.
e4 Re8 28. Re1 Kf8 29. e5 f6 30. e6 b6 31. Bh5 Re7 32. Bf7 Rc7 33. Rde3 Ke7 34.
Rd1 c4 35. Re4 b5 36. Rg4 Kf8 37. h5 Rxf7 38. exf7 Kxf7 39. Kc2 Kf8 40. Kc3 Kf7
41. Kb4 Kf8 42. Kc5 Rd8 43. d6 Rd7 44. Kc6 Rd8 45. Kc7 Ra8 46. d7 Kg8 47. d8=Q+
Rxd8 48. Rxd8+ Kh7 49. Rd7 a5 50. Rdxg7+ 1-0

[Event "ACD 2008"]
[Site "http://www.queenalice.com/game.php?id=471088"]
[Date "2008.10.1"]
[Round "-"]
[White "rafa_guerrero"]
[Black "doriam"]
[Result "0-1"]
[WhiteElo "1366"]
[BlackElo "1630"]

1. e3 d5 2. d4 a6 3. g3 Nf6 4. c3 Nc6 5. Bg2 Bg4 6. Bf3 Bxf3 7. Nxf3 h6 8. Rg1
e6 9. Qe2 Bd6 10. b3 O-O 11. Qd3 Ne4 12. c4 Nf6 13. c5 Be7 14. Bb2 Ne4 15. a3 b6
16. h4 bxc5 17. Ne5 Nxe5 18. dxe5 f6 19. f3 c4 20. bxc4 Nc5 21. Qg6 dxc4 22. g4
Nd3+ 23. Kd2 Nf4+ 24. Kc2 Nxg6 25. exf6 Bxf6 26. Bxf6 Rxf6 27. Rd1 Qe8 28. h5
Ne5 29. f4 Nxg4 30. Re1 Qa4+ 31. Kd2 Rd8+ 32. Ke2 e5 33. Rg1 Nh2 34. Ra2 exf4
35. e4 Qb3 0-1

[Event "ACD 2008"]
[Site "http://www.queenalice.com/game.php?id=471089"]
[Date "2008.10.1"]
[Round "-"]
[White "rafa_guerrero"]
[Black "tomatito"]
[Result "1/2-1/2"]
[WhiteElo "1426"]
[BlackElo "1749"]

1. e3 e5 2. c3 d5 3. a3 Nf6 4. c4 d4 5. Qb3 b6 6. exd4 exd4 7. a4 Qe7+ 8. Be2
Bb7 9. f3 Nc6 10. d3 Qb4+ 11. Qxb4 Bxb4+ 12. Bd2 a5 13. Nh3 Bxd2+ 14. Nxd2 Nb4
15. O-O O-O 16. Ne4 Nxe4 17. fxe4 Nc2 18. Rac1 Ne3 19. Rf4 f6 20. g3 c5 21. Bg4
Bc8 22. Bxc8 Raxc8 23. Ra1 Rce8 24. Ra3 f5 25. Rb3 fxe4 26. dxe4 Nxc4 27. Rxf8+
Rxf8 28. Rb5 d3 29. Nf2 d2 30. Nd1 Re8 31. b3 Rxe4 32. bxc4 Re1+ 33. Kf2 Rxd1
34. Ke2 Rc1 35. Kxd2 Rxc4 36. Rxb6 Rxa4 37. Kc3 Rb4 38. Rc6 c4 39. Kd4 a4 40.
Rxc4 Rxc4+ 41. Kxc4 a3 42. Kb3 a2 43. Kxa2 Kf7 44. Kb2 Ke6 45. Kc2 Ke5 46. Kd3
Kf5 47. Ke3 Kg4 48. Kf2 Kh3 49. Kg1 h5 50. Kh1 Kg4 51. Kg2 g6 52. h3+ Kf5 53.
Kf3 g5 54. g4+ hxg4+ 55. hxg4+ Ke5 56. Ke3 Kd5 57. Kd3 Ke5 58. Ke3 Kd5 59. Kd3
Ke5 60. Ke3 Kd5 1/2-1/2

[Event "ACD 2008"]
[Site "http://www.queenalice.com/game.php?id=471090"]
[Date "2008.10.1"]
[Round "-"]
[White "rafa_guerrero"]
[Black "cerdany"]
[Result "1-0"]
[WhiteElo "1359"]
[BlackElo "1582"]

1. e3 e5 2. Bd3 Nc6 3. e4 d5 4. exd5 Qxd5 5. f3 f5 6. Nc3 Qd8 7. Qe2 a6 8. Bc4
Bc5 9. b3 Bd4 10. Bb2 Nb4 11. d3 c6 12. f4 Qe7 13. a3 Bxc3+ 14. Bxc3 Nd5 15.
Bxe5 Ngf6 16. Nf3 O-O 17. O-O b5 18. Bxd5+ Nxd5 19. Rae1 Qxa3 20. c4 Nf6 21.
Bxf6 Rxf6 22. Qe8+ Qf8 23. Qxf8+ Rxf8 24. Re5 Rd8 25. d4 bxc4 26. bxc4 g6 27.
Rfe1 Bb7 28. Re7 Rab8 29. Rb1 Ba8 30. Rxb8 Rxb8 31. h3 c5 32. d5 h6 33. Re6 Kg7
34. Rxa6 Rd8 35. Ne5 g5 36. fxg5 hxg5 37. Rg6+ Kh7 38. Rxg5 Rb8 39. Rxf5 1-0

[Event "ACD 2008"]
[Site "http://www.queenalice.com/game.php?id=471091"]
[Date "2008.10.1"]
[Round "-"]
[White "rafa_guerrero"]
[Black "din4"]
[Result "1-0"]
[WhiteElo "1440"]
[BlackElo "1370"]

1. e3 e5 2. b3 e4 3. Bb2 d5 4. c4 Bb4 5. Bxg7 Nh6 6. Bxh8 f6 7. Qh5+ Kd7 8.
Qxd5+ Bd6 9. Bg7 Ng4 10. c5 Ke7 11. cxd6+ cxd6 12. Qxe4+ Be6 13. Qxh7 Bg8 14.
Qg6 Nd7 15. Qxg4 Ne5 16. Qf4 Kf7 17. Qxf6+ Qxf6 18. Bxf6 Kxf6 19. Nc3 a6 20. d4
Nc6 21. g3 Nb4 22. Rc1 Bh7 23. a3 Nc2+ 24. Rxc2 Bxc2 25. Nd5+ Kf5 26. Bg2 Bxb3
27. Nc7 Rc8 28. Bh3+ Ke4 29. Bxc8 Kd3 30. Bxb7 a5 31. Nf3 Kc3 32. Nb5+ Kb2 33.
Nd2 Ba4 34. Nc4+ Kb3 35. Nbxd6 Kc3 36. Ke2 1-0

[Event "torneo acd"]
[Site "http://www.queenalice.com/game.php?id=471121"]
[Date "2008.10.1"]
[Round "-"]
[White "doriam"]
[Black "rafa_guerrero"]
[Result "0-1"]
[WhiteElo "1608"]
[BlackElo "1466"]

1. e4 Nc6 2. d4 e5 3. d5 Nce7 4. Nf3 Ng6 5. Nc3 c6 6. a3 Nf6 7. Bc4 b5 8. Ba2
Bd6 9. Ng5 c5 10. Nxb5 Qa5+ 11. Nc3 h6 12. Nf3 O-O 13. Bd2 Qb6 14. Rb1 Ba6 15.
Be3 Qb7 16. Na4 Nxe4 17. h3 f5 18. c4 f4 19. Bd2 Nxd2 20. Qxd2 Be7 21. d6 Qe4+
22. Kd1 Bd8 23. Nxc5 Qc6 24. b4 e4 25. Ne1 Bg5 26. Qd4 Rf6 27. Qxe4 Rxd6+ 28.
Kc2 Qxe4+ 29. Nxe4 Rd4 30. Nxg5 hxg5 31. Nd3 Bxc4 32. Bxc4+ Rxc4+ 33. Kb3 d5 34.
Rbd1 Kf7 35. g3 a5 36. gxf4 gxf4 37. Rhg1 a4+ 38. Kb2 Kf6 39. Nc5 d4 40. Ne4+
Ke5 41. Rxg6 Kxe4 42. Rxg7 Rc3 43. Re7+ Kf3 44. Rxd4 Rac8 45. h4 Rc2+ 0-1

[Event "Challenge"]
[Site "http://www.queenalice.com/game.php?id=471143"]
[Date "2008.10.1"]
[Round "-"]
[White "pepeillo"]
[Black "rafa_guerrero"]
[Result "1/2-1/2"]
[WhiteElo "1707"]
[BlackElo "1347"]

1. d4 d5 2. Nf3 e6 3. Bf4 c5 4. e3 Nc6 5. Bb5 Bd7 6. Bxc6 Bxc6 7. dxc5 Qf6 8. c3
h6 9. Bd6 Bxd6 10. cxd6 Rd8 11. Qd4 Qxd4 12. cxd4 Rxd6 13. Nc3 Nf6 14. O-O O-O
15. Ne5 Be8 16. Nb5 Bxb5 17. Rfc1 a5 18. Rc7 Ba6 19. Rac1 b5 20. Ra7 b4 21. h3
Be2 22. Rcc7 Bh5 23. g4 Ne8 24. Re7 Bg6 25. Nxg6 fxg6 26. Reb7 Rc6 27. f4 g5 28.
Rxa5 gxf4 29. exf4 Rxf4 30. Ra8 Kf8 31. Rbb8 Rc1+ 32. Kg2 Rcf1 33. Rxe8+ Kf7 34.
h4 Kf6 35. Rac8 R4f2+ 36. Kg3 Rf3+ 1/2-1/2

[Event "Torneig fàbrica"]
[Site "http://www.queenalice.com/game.php?id=471251"]
[Date "2008.10.1"]
[Round "-"]
[White "xavimg"]
[Black "rafa_guerrero"]
[Result "1-0"]
[WhiteElo "1911"]
[BlackElo "1100"]

1. e4 b6 2. d4 Bb7 3. Nc3 e6 4. Nf3 Bb4 5. Bd3 c5 6. O-O cxd4 7. Nxd4 Qf6 8. Nf3
h6 9. Nb5 Na6 10. c3 Bf8 11. Qc2 d6 12. Bd2 Rc8 13. Nxa7 Nb4 14. Qa4+ Bc6 15.
Qxb4 d5 16. Qxb6 Rd8 17. Qxc6+ Rd7 18. Qc8+ Rd8 19. Bb5+ Ke7 20. Nc6+ Kd6 21.
e5+ Qxe5 22. Qxd8+ 1-0

[Event "TORNEO - ACD"]
[Site "http://www.queenalice.com/game.php?id=471282"]
[Date "2008.10.1"]
[Round "-"]
[White "tomatito"]
[Black "rafa_guerrero"]
[Result "1-0"]
[WhiteElo "1698"]
[BlackElo "1371"]

1. d4 Nf6 2. Nc3 d5 3. Nf3 g6 4. Ne5 c6 5. Bg5 Bg7 6. Bxf6 Bxf6 7. Qd2 O-O 8.
O-O-O e6 9. e4 c5 10. f4 Bxe5 11. fxe5 cxd4 12. Qxd4 Nc6 13. Qe3 Nxe5 14. exd5
Ng4 15. Qf3 e5 16. h3 Nf6 17. Bc4 a6 18. Ne4 Nxe4 19. Qxe4 Qc7 20. d6 Bf5 21.
Qe2 Qc6 22. Bd5 Qb6 23. Qxe5 Rac8 24. Bb3 Qf2 25. Rd2 Qb6 26. g4 Rfe8 27. Qf6
Be6 28. d7 Qa5 29. dxc8=Q Rxc8 30. Bxe6 Rc7 31. Rd8# 1-0

[Event "Torneo ACD"]
[Site "http://www.queenalice.com/game.php?id=471453"]
[Date "2008.10.1"]
[Round "-"]
[White "Alsina"]
[Black "rafa_guerrero"]
[Result "1-0"]
[WhiteElo "2448"]
[BlackElo "1100"]

1. e4 d6 2. d4 Nf6 3. Bd3 a5 4. Nf3 b6 5. e5 dxe5 6. dxe5 Ng4 7. Qe2 Bb7 8. Nc3
Nd7 9. e6 fxe6 10. Qxe6 Bxf3 11. Bg6+ 1-0

[Event "ACD"]
[Site "http://www.queenalice.com/game.php?id=471911"]
[Date "2008.10.2"]
[Round "-"]
[White "cerdany"]
[Black "rafa_guerrero"]
[Result "1-0"]
[WhiteElo "1548"]
[BlackElo "1362"]

1. e4 e5 2. Nf3 Nc6 3. a3 a5 4. Nc3 Bc5 5. d3 h6 6. h3 Nf6 7. Be2 b6 8. O-O d6
9. Na4 Nd7 10. Nc3 O-O 11. Nd5 Nf6 12. c4 Nh5 13. Nxe5 dxe5 14. Bxh5 Bd4 15. Ne3
Be6 16. Qf3 Qd6 17. Nf5 Bxf5 18. exf5 Bc5 19. Be3 Bxe3 20. fxe3 Qxd3 21. Qxc6
Qxe3+ 22. Kh1 Qd4 23. b3 Qh4 24. Bxf7+ Kh8 25. Rae1 Rac8 26. Be6 Qf6 27. Qb5 g6
28. Bxc8 Rxc8 29. fxg6 Qxg6 30. Qxe5+ Kg8 31. Rf6 Qd3 32. Qe6+ Kg7 33. Qf7+ 1-0

[Event "TORNEO ACD"]
[Site "http://www.queenalice.com/game.php?id=472035"]
[Date "2008.10.3"]
[Round "-"]
[White "madriles"]
[Black "rafa_guerrero"]
[Result "0-1"]
[WhiteElo "1778"]
[BlackElo "1485"]

1. d4 a5 2. e4 c6 3. Nc3 g6 4. Nf3 d5 5. exd5 cxd5 6. Bf4 Bh6 7. Be5 f6 8. Bg3
Nc6 9. Bb5 f5 10. O-O e6 11. Be5 Nf6 12. Re1 O-O 13. Ne2 Nxe5 14. Nxe5 Qb6 15.
Nc3 Rd8 16. b3 Bd7 17. Bxd7 Nxd7 18. Nxd7 Rxd7 19. Qe2 Bg7 20. Qxe6+ Qxe6 21.
Rxe6 Bxd4 22. Re3 Bxe3 23. fxe3 Rc8 24. Nb5 Rxc2 25. Nd4 Rc3 26. Kf2 Re7 27. Re1
Kg7 28. Re2 Rd3 29. Kf3 Re4 30. Nc2 Kf6 31. h3 Kg5 32. Nd4 Rexd4 0-1

[Event "acd2008"]
[Site "http://www.queenalice.com/game.php?id=472061"]
[Date "2008.10.3"]
[Round "-"]
[White "franliro"]
[Black "rafa_guerrero"]
[Result "1-0"]
[WhiteElo "2054"]
[BlackElo "1308"]

1. e4 a5 2. d4 h5 3. Bc4 a4 4. Nf3 f6 5. Nc3 h4 6. Bxg8 Rxg8 7. Nxh4 Rh8 8. Ng6
Rh7 9. Nxf8 Kxf8 10. Bf4 g5 11. Bg3 Na6 12. Nxa4 d5 13. e5 c6 14. O-O f5 15. f4
e6 16. fxg5 Qxg5 17. Nb6 Rb8 18. Rf4 c5 19. c3 Qd8 20. dxc5 Nxc5 21. Nxc8 Rxc8
22. Rd4 Ne4 23. Bf4 Qh4 24. Qf3 Kf7 25. Rb4 Rb8 26. a4 Rhh8 27. a5 Ke7 28. Bg3
Qh6 29. Bf4 Qg6 30. a6 Ra8 31. Rxb7+ Kd8 32. a7 Kc8 33. Rb4 Rg8 34. g3 Ng5 35.
Bxg5 Qxg5 36. Qf2 Rg7 37. Qc5+ Kd8 38. Rb8+ 1-0

[Event "ACD 2008"]
[Site "http://www.queenalice.com/game.php?id=472685"]
[Date "2008.10.4"]
[Round "-"]
[White "rafa_guerrero"]
[Black "xavimg"]
[Result "0-1"]
[WhiteElo "1362"]
[BlackElo "1808"]

1. d4 Nf6 2. c4 b6 3. e3 Bb7 4. Nc3 e6 5. f3 Nh5 6. d5 Qh4+ 7. Kd2 Bc5 8. g3
Nxg3 9. Qe1 Nxf1+ 10. Qxf1 exd5 11. cxd5 O-O 12. a3 Re8 13. e4 Na6 14. Nh3 Nb8
15. Kc2 Ba6 16. Qg2 Be7 17. Rg1 g6 18. b4 d6 19. Be3 c5 20. Ng5 Bc8 21. f4 Bxg5
22. fxg5 Bh3 23. Qf3 Nd7 24. Bf4 cxb4 25. axb4 Rac8 26. Rg3 Rxe4 27. Qxe4 Bf5
28. Qxf5 gxf5 29. Bxd6 Qxh2+ 30. Kd3 Qb2 0-1

[Event "Challenge"]
[Site "http://www.queenalice.com/game.php?id=473428"]
[Date "2008.10.6"]
[Round "-"]
[White "din4"]
[Black "rafa_guerrero"]
[Result "0-1"]
[WhiteElo "1370"]
[BlackElo "1453"]

1. e4 e5 2. d4 h6 3. d5 Nf6 4. Qf3 d6 5. Bb5+ c6 6. Ba4 b5 7. Bb3 c5 8. c4 Bg4
9. Qd3 a6 10. h3 Bh5 11. cxb5 axb5 12. Qxb5+ Nbd7 13. Na3 Nxe4 14. Qc4 Bg6 15.
h4 Qf6 16. f3 Ng3 17. Rh3 Nh5 18. Ba4 Be7 19. Qb5 Rd8 20. Nc4 O-O 21. Ne2 Bh7
22. Ng3 Nxg3 23. Qb7 Bf5 24. Rxg3 Qxh4 25. Kf2 Qxc4 26. Bxh6 Bh4 27. Qb3 Bxg3+
28. Kxg3 Qxb3 29. Bxb3 gxh6 30. a4 Rb8 31. Ra3 Nf6 32. a5 Kh7 33. Kf2 Rg8 34. a6
c4 0-1

[Event "Challenge"]
[Site "http://www.queenalice.com/game.php?id=479477"]
[Date "2008.10.18"]
[Round "-"]
[White "sioux"]
[Black "rafa_guerrero"]
[Result "0-1"]
[WhiteElo "1749"]
[BlackElo "1252"]

1. e4 e5 2. Nf3 Nc6 3. Bc4 Bc5 4. d3 Nf6 5. Ng5 d5 6. exd5 Nxd5 7. Qf3 Be6 8.
Nc3 Nd4 9. Qd1 Nxc3 10. bxc3 Bxc4 11. dxc4 Qf6 12. cxd4 Bxd4 13. Rb1 Qxf2# 0-1

[Event "INTERNATIONAL"]
[Site "http://www.queenalice.com/game.php?id=499552"]
[Date "2008.11.28"]
[Round "1"]
[White "rafa_guerrero"]
[Black "Kasparov1"]
[Result "1-0"]
[WhiteElo "1426"]
[BlackElo "1846"]

1. c4 Nf6 2. d4 e5 3. dxe5 Ng4 4. Nf3 Bc5 5. e3 Nc6 6. Qd5 Qe7 7. Ng5 Bb4+ 8.
Bd2 Qxg5 9. c5 Qf5 10. f3 Nxe3 11. Bd3 1-0